LEADER 00897nam0-2200337---450- 001 990008542160403321 005 20071114104239.0 010 $a0-85038-533-4 035 $a000854216 035 $aFED01000854216 035 $a(Aleph)000854216FED01 035 $a000854216 100 $a20070725d1983----km-y0itay50------ba 101 1 $aeng 102 $aGB 105 $aa-------001yy 200 1 $aModelling and control$fPhilippe Coiffet 210 $aLondon$cKogan Page$d1983 215 $a156 p.$cill.$d23 cm 225 1 $aRobot technology$v1 610 0 $aCibernetica$aAutomazione - Robot 676 $a003.5 676 $a629.892 700 1$aCoiffet,$bPhilippe$025145 801 0$aIT$bUNINA$gRICA$2UNIMARC 901 $aBK 912 $a990008542160403321 952 $a10 D III 399/1$b225 DIS$fDINEL 959 $aDINEL 996 $aModelling and control$9709821 997 $aUNINA LEADER 00943nam2-2200337---450- 001 990009769660403321 005 20131007101436.0 035 $a000976966 035 $aFED01000976966 035 $a(Aleph)000976966FED01 035 $a000976966 100 $a20131007d1963----km-y0itay50------ba 101 0 $aeng 102 $aGB 105 $ay-------001yy 200 1 $a<<2.: >>Chain silicates$fW.A. Deer, R.A. Howie and J. Zussman 205 $a2nd. imp. 210 $aLondon$cLongmans$d1963 215 $aIX, 379 p.$d26 cm 461 0$1001000976929$12001$aRock-forming minerals$v2 610 0 $aMineralogia 700 1$aDeer,$bWilliam Alexander$019578 701 1$aHowie,$bRobert Andrew$062816 701 1$aZussman,$bJack$062817 801 0$aIT$bUNINA$gRICA$2UNIMARC 901 $aBK 912 $a990009769660403321 952 $aM 2/21$b5395.2$fDINGE 959 $aDINGE 996 $aChain silicates$9832177 997 $aUNINA